000 00997nja a2200217 a 4500
003 BLK
005 20241025115137.0
008 180414c bul|r|ner|||| 00| c0bul d
010 _aNOT00002044065
040 _aBLK
100 _aПипков, Любомир Панайотов
_d1904-1974
_eпърви автор
_9428881
700 _aСмирненски, Христо
_d1898 - 1933
_gБългарски писател, журналист
_qИзмирлиев, Христо Димитров
_9373184
245 1 0 _aНадоле, надоле
_bМъжки хор
_cЛюбомир Панайотов Пипков; текст Христо Смирненски.
257 _aBGR
380 _a7
773 _0308059
_9660183
_aПипков, Любомир Панайотов
_tСто години българска борческа песен
852 _aЦб М ІІ 111
942 _cNOT
_n0
944 _aCR
_c27.11.2006
_k30550
_lКети Илиева
944 _aED
_c15.03.2007
_k
999 _c308124
_d308124